000
00312nam a2200121Ia 4500
008
220204s9999 xx 000 0 und d
082
_a
330.19
_b
BHA;1
100
_a
BHATIA, B M
245
0
_a
Poverty agriculture and economic growth
260
_a
New Delhi
_b
Vikas
_c
1977
650
_a
Economic growth
942
_c
BK
999
_c
25378
_d
25378